| 000 | 00756nam a22002297a 4500 | ||
|---|---|---|---|
| 999 |
_c8392 _d8392 |
||
| 003 | AR-CdUCM | ||
| 008 | 190325b ||||| |||| 00| 0 spa d | ||
| 040 |
_aMUNICIPALIDAD PROVINCIAL DEL CUSCO _cBIBLIOTECA MUNICIPAL DEL CUSCO |
||
| 041 | _hfre | ||
| 082 |
_a070.7 / _bG16 |
||
| 100 |
_aGaillard, Philippe _923556 |
||
| 245 | _aTécnica del periodismo / | ||
| 260 |
_aBarcelona : _bOikos Tau, _c1972. |
||
| 300 |
_a121 páginas ; _c18 cm. |
||
| 440 |
_aColección ¿Qué sé? _n77 _923557 |
||
| 505 | _aContenido : El periodismo contemporáneo -- La búsqueda de la información -- Dar forma a las noticias... | ||
| 650 |
_aPrensa _919488 |
||
| 650 |
_aPeriodismo _91929 |
||
| 650 |
_aComunicaciones _917618 |
||
| 942 |
_2ddc _cLIBROS |
||
| 945 | _admma | ||